Muttee bhar roshani/ (Record no. 29935)

000 -LEADER
fixed length control field 00386nam a22001451a 4500
082 ## - DEWEY DECIMAL CLASSIFICATION NUMBER
Classification number H3
Item number DEE/M
100 ## - MAIN ENTRY--PERSONAL NAME
Personal name Deepthi Kulshreshtha
9 (RLIN) 112432
245 ## - TITLE STATEMENT
Title Muttee bhar roshani/
Statement of responsibility, etc. by Deepthi Kulshreshtha
260 ## - PUBLICATION, DISTRIBUTION, ETC.
Place of publication, distribution, etc. New Delhi:
Name of publisher, distributor, etc. Bhoomika,
Date of publication, distribution, etc. 1998.
300 ## - PHYSICAL DESCRIPTION
Extent 579p.
650 ## - SUBJECT ADDED ENTRY--TOPICAL TERM
Topical term or geographic name entry element Novel Hindi
9 (RLIN) 112433
650 ## - SUBJECT ADDED ENTRY--TOPICAL TERM
Topical term or geographic name entry element Literature Hindi
9 (RLIN) 112434
650 ## - SUBJECT ADDED ENTRY--TOPICAL TERM
Topical term or geographic name entry element Literature
9 (RLIN) 112435
942 ## - ADDED ENTRY ELEMENTS (KOHA)
Koha item type Book
Holdings
Withdrawn status Lost status Damaged status Not for loan Permanent Location Current Location Date acquired Cost, normal purchase price Total Checkouts Full call number Barcode Date last seen Date last checked out Cost, replacement price Price effective from Koha item type
        Sree Sankaracharya University of Sanskrit Sree Sankaracharya University of Sanskrit 08.01.2015 400.00 1 H3 DEE/M 026766 19.11.2015 11.11.2015 0.00 08.01.2015 Book